000 00323nam a22001457a 4500
003 SGT
020 _a9788175341814
082 _a340.14,ESK
100 _aESKRIDGE, WILLIAM N
245 _aDYNAMIC STATUTORY INTERPRETATION
250 _a1ST
260 _aNEW DELHI
_bUNIVERSAL BOOK
_c2009
300 _a438
942 _2ddc
_cBK
999 _c9904
_d9904